| 000 | 00543nam a2200217Ia 4500 | ||
|---|---|---|---|
| 003 | OSt | ||
| 005 | 20230425144434.0 | ||
| 008 | 210423s2002 xx 000 0 und d | ||
| 020 | _a471485381 | ||
| 040 | _cAL | ||
| 041 | _aeng | ||
| 082 | _a574.191 COTR | ||
| 100 |
_aCOTTERILL (Rodney M J). _992708 |
||
| 245 | _aBiophysics: introduction. | ||
| 260 |
_aEngland _bJohn Wiley & Sons _c2002 |
||
| 300 |
_axii,395 _bPB |
||
| 365 |
_b2157 _cINR |
||
| 650 |
_aBiophysics _992709 |
||
| 906 | _aBiophysics: ; introduction. | ||
| 942 |
_2ddc _cBK |
||
| 999 |
_c162663 _d162663 |
||